[Event "Extraliga CZE 2004-5"]
[Site "Czech Rep CZE"]
[Date "2004.11.07"]
[Round "2"]
[White "Vesselovsky,S"]
[Black "Hrivnak,D"]
[Result "1-0"]
[WhiteElo "2400"]
[BlackElo "2291"]

1.Nf3 d5 2.g3 Nf6 3.Bg2 e6 4.O-O Bd6 5.d3 O-O 6.Nbd2 c6 7.e4 e5 8.c3 Re8
9.Re1 Nbd7 10.Qc2 Qc7 11.Nf1 Bf8 12.Ne3 g6 13.b3 a5 14.a4 h6 15.Bb2 Nb6 16.h3 Bg7
17.Nf1 dxe4 18.dxe4 Nfd7 19.Ne3 Nc5 20.Nd2 Be6 21.Bf1 Red8 22.Rad1 Rxd2 23.Rxd2 Bxb3
24.Qb1 Nbxa4 25.Bc4 b5 26.Bxb3 Nxb3 27.Rdd1 Nbc5 28.f3 Bf8 29.Kg2 h5 30.Qc2 Ne6
31.h4 Bc5 32.Bc1 Nb6 33.Qa2 a4 34.Ba3 Qe7 35.Bxc5 Qxc5 36.Rd3 a3 37.Red1 Ra4
38.Ra1 Qe7 39.Rad1 Ra8 40.Rd6 Qe8 41.R1d2 Ra7 42.Kf2 Nc8 43.R6d3 Qe7 44.Nc2 Qc5+
45.Ne3 Nb6 46.Kg2 Kg7 47.Rd1 Ra4 48.R1d2 Nc4 49.Nxc4 Qxc4 50.Rd6 Qxa2 51.Rxa2 c5
52.Rb6 b4 53.Kf2 Nd4 54.cxd4 exd4 55.Ke2 c4 56.Kd2 b3 57.Ra1 a2 58.Kc1 Ra7  1-0

[Event "EuCh-Internet KO"]
[Site "playchess.com INT"]
[Date "2004.11.07"]
[Round "1.2"]
[White "Psakhis,L"]
[Black "Dreev,A"]
[Result "1-0"]
[WhiteElo "2545"]
[BlackElo "2698"]

1.Nf3 d5 2.g3 c6 3.Bg2 Bf5 4.O-O e6 5.d3 Nf6 6.b3 a5 7.a3 a4 8.b4 c5 9.b5 Nbd7
10.c4 Nb6 11.Nbd2 Be7 12.Qe1 h6 13.e4 Bh7 14.Bb2 O-O 15.Qe2 Re8 16.Rad1 Nfd7
17.e5 Qc7 18.Rfe1 Rad8 19.Nf1 Nf8 20.Ne3 Rd7 21.cxd5 Nxd5 22.Nc4 b6 23.Nfd2 Ng6
24.Ne4 Red8 25.Qc2 Qa7 26.f4 Bf8 27.Qf2 Nge7 28.g4 Ng6 29.Bc1 Be7 30.Rf1 Nh4
31.Bh1 Bxe4 32.dxe4 Nc3 33.Rde1 Nxb5 34.g5 Ng6 35.gxh6 Bh4 36.Qg2 Bxe1 37.f5 Bc3
38.fxg6 Bd4+ 39.Ne3 fxg6 40.Qxg6  1-0

[Event "EuCh-Internet KO"]
[Site "playchess.com INT"]
[Date "2004.11.07"]
[Round "1.4"]
[White "Psakhis,L"]
[Black "Dreev,A"]
[Result "1/2-1/2"]
[WhiteElo "2545"]
[BlackElo "2698"]

1.Nf3 d5 2.g3 c6 3.Bg2 Bf5 4.O-O e6 5.d3 Nf6 6.b3 a5 7.a3 Be7 8.Bb2 O-O 9.Nbd2 h6
10.c4 Bh7 11.Qc2 Nbd7 12.Bc3 b5 13.cxb5 cxb5 14.Qb2 Qb6 15.b4 a4 16.Ne5 Nxe5
17.Bxe5 Rfc8 18.Rac1 Bf8 19.Rxc8 Rxc8 20.Bd4 Qd8 21.Rc1 Nd7 22.f4 Rc7 23.Nb1 f6
24.Rxc7 Qxc7 25.Nc3 Qc6 26.Qd2 Bg6 27.e4 dxe4 28.Nxe4 Qc7 29.Qc3 Bd6 30.Qxc7 Bxc7
31.Nc3 Bxd3 32.Bf1 Bb6 33.Bxb6 Bxf1 34.Kxf1 Nxb6 35.Nxb5 Kf7 36.Ke2 e5 37.fxe5 fxe5
38.Nc3 Ke6 39.Kd3 Kf5 40.h3 h5 41.Ne4 Ke6 42.g4 hxg4 43.hxg4 Kd5 44.Nc3+ Kd6
45.Ke4 Ke6 46.b5 g6 47.Nd1 Nc4 48.Nc3 Nb6 49.Nd1 Kd6 50.Nb2 Ke6 51.Nd1  1/2-1/2

[Event "V Open"]
[Site "Sauzal ESP"]
[Date "2004.11.07"]
[Round "6"]
[White "Vidarte Morales,A"]
[Black "Krivoshey,S"]
[Result "0-1"]
[WhiteElo "2375"]
[BlackElo "2499"]

1.Nf3 d5 2.g3 c6 3.Bg2 Bg4 4.O-O Nd7 5.d3 Ngf6 6.Qe1 e5 7.Nfd2 Be7 8.Nc3 Qc7
9.e4 dxe4 10.dxe4 O-O 11.f4 exf4 12.gxf4 Nc5 13.Qg3 Bc8 14.Kh1 Ne6 15.Nc4 b5
16.Ne5 Nh5 17.Qf3 Nhxf4 18.Nxc6 Nxg2 19.Nxe7+ Qxe7 20.Nd5 Qh4 21.Qxg2  0-1

[Event "TCh-SWE Elitserien 2004-5"]
[Site "Skara SWE"]
[Date "2004.11.07"]
[Round "3"]
[White "Gausel,E"]
[Black "Brontz,A"]
[Result "1-0"]
[WhiteElo "2518"]
[BlackElo "2245"]

1.Nf3 d5 2.g3 Nf6 3.Bg2 c6 4.b3 Bg4 5.Bb2 Nbd7 6.d3 Qc7 7.Nbd2 e5 8.h3 Bh5
9.g4 Bg6 10.Nh4 O-O-O 11.c4 d4 12.a3 a5 13.Bc1 Nb8 14.Nf1 Be7 15.Bd2 Na6
16.Ng3 Rhe8 17.Nxg6 hxg6 18.O-O c5 19.b4 cxb4 20.axb4 axb4 21.Qa4 Bc5 22.Bxb7+ Qxb7
23.Qxa6 Qxa6 24.Rxa6 Kb7 25.Ra2 Kc6 26.Rb1 Rb8 27.Ra6+ Kc7 28.Rb3 Rb7 29.Kg2 Reb8
30.f4 Rb6 31.Ra5 Kc6 32.fxe5 Nd7 33.Ne4 Re8 34.Nxc5 Nxc5 35.Rxb4 Rxe5 36.Rxb6+ Kxb6
37.Kf3 Re8 38.Ra2 Rh8 39.Kg2 Re8 40.Be1 Ne6 41.Bf2 Kc6 42.h4 Rd8 43.Ra7 f6
44.Kf3 f5 45.Rf7 Rd7 46.Rxd7 Kxd7 47.e3 dxe3 48.Bxe3 Kc6 49.d4 Kd6 50.d5 Nf8
51.Bd4 Nd7 52.Kf4  1-0

[Event "Open"]
[Site "Calcutta IND"]
[Date "2004.11.08"]
[Round "1"]
[White "Rahman,Zia"]
[Black "Mohota,N"]
[Result "1/2-1/2"]
[WhiteElo "2535"]
[BlackElo "2286"]

1.Nf3 d5 2.g3 Nf6 3.Bg2 Bf5 4.O-O e6 5.d3 h6 6.Nbd2 Be7 7.Qe1 O-O 8.e4 Bh7
9.Ne5 c5 10.Kh1 Nbd7 11.Nxd7 Qxd7 12.f4 Rac8 13.e5 Ne8 14.Qe2 b5 15.Nf3 d4
16.g4 c4 17.Rd1 cxd3 18.cxd3 Nc7 19.Nd2 Nd5 20.Ne4 Rxc1 21.Raxc1 Nxf4 22.Qf3 Nxg2
23.Qxg2 Qd5 24.Nc5 Qxa2 25.Ra1 Qxa1 26.Rxa1 Bxc5 27.Qc6 Bb6 28.Qxb5 Bg6 29.Qc4 Rd8
30.Re1 Kh7 31.h4 h5 32.gxh5 Bxh5 33.Qc1 Bg6 34.Qg5 Bxd3  1/2-1/2

[Event "Open"]
[Site "Calcutta IND"]
[Date "2004.11.08"]
[Round "1"]
[White "Balasubramaniun,R"]
[Black "Nguyen Anh Dung"]
[Result "0-1"]
[WhiteElo "2353"]
[BlackElo "2567"]

1.Nf3 d5 2.g3 Bg4 3.Bg2 c6 4.d3 Nd7 5.Nbd2 e5 6.O-O Bd6 7.e4 Ne7 8.Qe1 O-O
9.h3 Bh5 10.Nh4 Re8 11.Ndf3 f6 12.Nh2 Nf8 13.Be3 Kh8 14.Bf3 Bxf3 15.N4xf3 f5
16.Bg5 Qd7 17.Kg2 Neg6 18.Bd2 h6 19.Qe2 Nh7 20.Rae1 fxe4 21.dxe4 Nf6 22.exd5 cxd5
23.Bc1 d4 24.c3 d3 25.Qe3 Rac8 26.Nd2 e4 27.Nb3 Ne5 28.Qxa7 Nf3 29.Nxf3 exf3+
30.Kh2 Re2 31.Qd4 Rce8 32.Rd1 R8e4 33.Nc5 Bxg3+ 34.Kxg3 Nh5+ 35.Kh2 Qc7+  0-1

[Event "Open"]
[Site "Calcutta IND"]
[Date "2004.11.09"]
[Round "2"]
[White "Ahmed,Mah"]
[Black "Barua,D"]
[Result "0-1"]
[WhiteElo "2155"]
[BlackElo "2525"]

1.Nf3 d5 2.g3 c6 3.Bg2 Bf5 4.d3 h6 5.b3 a5 6.a4 Nf6 7.Bb2 e6 8.Nbd2 Bc5 9.O-O O-O
10.Qe1 Bb4 11.Qd1 Nbd7 12.Ne5 Nxe5 13.Bxe5 Bg6 14.Nf3 Re8 15.Bb2 Bd6 16.Ne5 Bh7
17.e3 Qc7 18.Ng4 Nd7 19.e4 f5 20.Ne3 f4 21.gxf4 Bxf4 22.h3 Ne5 23.Kh1 Rad8
24.Qe2 d4 25.Nd1 Qe7 26.Bc1 Rf8 27.Bxf4 Rxf4 28.Nb2 Rdf8 29.f3 Rh4 30.Qf2 Ng6
31.Qxd4 Nf4 32.Qe5 Rh5 33.Qd4 Nxh3 34.Bxh3 Qh4  0-1

[Event "Open"]
[Site "Calcutta IND"]
[Date "2004.11.10"]
[Round "3"]
[White "Balasubramaniun,R"]
[Black "Ahmed,Mah"]
[Result "1-0"]
[WhiteElo "2353"]
[BlackElo "2155"]

1.Nf3 d5 2.g3 c5 3.Bg2 Nc6 4.O-O Nf6 5.d3 e5 6.Nc3 h6 7.Nd2 Be7 8.e4 d4 9.Ne2 O-O
10.h3 Nh7 11.f4 f5 12.exf5 exf4 13.Nxf4 Rxf5 14.g4 Rf6 15.Ne4 Rf7 16.Bd2 Ne5
17.Qe2 Nc6 18.Ng3 Nf6 19.Ngh5 Nxh5 20.Nxh5 Bf6 21.Nxf6+ Rxf6 22.Rxf6 Qxf6
23.Qe8+ Kh7 24.Rf1  1-0

[Event "WYg16"]
[Site "Heraklio GRE"]
[Date "2004.11.11"]
[Round "9"]
[White "Pertlova,S"]
[Black "Borosova,Z"]
[Result "1/2-1/2"]
[WhiteElo "2053"]
[BlackElo "2249"]

1.Nf3 d5 2.g3 Nf6 3.Bg2 g6 4.b3 Bg7 5.Bb2 O-O 6.c4 e6 7.O-O a5 8.Nc3 Ne4
9.Na4 Nf6 10.Ne5 Nbd7 11.d4 c6 12.Nxd7 Nxd7 13.Qc2 Nb6 14.Nxb6 Qxb6 15.c5 Qc7
16.Rfe1 Bd7 17.Rad1 Rfc8 18.e4 dxe4 19.Qxe4 Re8 20.Qd3 Rad8 21.Qc4 Bc8 22.f4 Bd7
23.Qc2 Rb8 24.Bc3 Rec8 25.Qd2 Ra8 26.Qc2 Be8 27.Kh1 Rab8 28.Qd2 Ra8 29.Qc2 Rab8
30.Qd2  1/2-1/2

[Event "FSIM November"]
[Site "Budapest HUN"]
[Date "2004.11.12"]
[Round "7"]
[White "Gerard,N"]
[Black "Koczo,K"]
[Result "1-0"]
[WhiteElo "2323"]
[BlackElo "2222"]

1.Nf3 d5 2.g3 c6 3.Bg2 Bg4 4.O-O Nd7 5.d3 e6 6.Nbd2 Bd6 7.e4 Ne7 8.Qe1 O-O
9.b3 a5 10.a3 a4 11.b4 b5 12.Bb2 Rc8 13.c4 dxc4 14.dxc4 Bb8 15.Qe3 e5 16.h3 Bxf3
17.Nxf3 Qb6 18.c5 Qc7 19.h4 Rcd8 20.Bh3 f6 21.h5 h6 22.Be6+ Kh8 23.Nh4 Ba7
24.Kg2 Rb8 25.Rh1 Kh7 26.Qf3 Rfd8 27.Bc1 Nf8 28.Bf7 Ng8 29.Qf5+ Kh8 30.Ng6+ Nxg6
31.hxg6 Qd7 32.Bxh6 gxh6 33.Rxh6+ Kg7 34.Rh7+ Kf8 35.Be6 Qg7 36.Rxg7 Kxg7
37.Bxg8 Rxg8 38.Rh1 Rh8 39.Rxh8 Rxh8 40.Qd7+  1-0

[Event "Bundesliga 2004-5"]
[Site "Baden Oos GER"]
[Date "2004.11.13"]
[Round "1"]
[White "Nikolic,Pr"]
[Black "Gyimesi,Z"]
[Result "1/2-1/2"]
[WhiteElo "2676"]
[BlackElo "2613"]

1.Nf3 d5 2.g3 c6 3.Bg2 Nf6 4.O-O Bg4 5.d3 Nbd7 6.c4 e6 7.cxd5 cxd5 8.Nc3 Bc5
9.h3 Bxf3 10.Bxf3 O-O 11.Qb3 Qb6 12.Qxb6 Bxb6 13.Bf4 Rfc8 14.Rac1 Bd4 15.Bd2 a6
16.Rfd1 h6 17.Kf1 b5 18.Bg2 Nb6 19.e3 Be5 20.f4 Bd6 21.Ke2 Kf8 22.Nb1 Rxc1
23.Rxc1 Rc8 24.Rxc8+ Nxc8 25.Bc3 Nd7 26.b3 Ne7 27.Bb2 Nc6 28.Nd2 Be7 29.e4 dxe4
30.dxe4 e5 31.Bf3 Bd6 32.Bg4 Nc5 33.Ke3 f6 34.Bc3 exf4+ 35.gxf4 g5 36.fxg5 hxg5
37.Bf5 Bf4+ 38.Ke2 Ke7 39.Nf3 b4 40.Be1 Kd6 41.Bf2 Ne5 42.Ne1 a5 43.Bd4 Bg3
44.Nc2 Bf4 45.Ne3 Bxe3 46.Kxe3 Na6 47.Bb6 a4 48.Kd4 axb3 49.axb3 Nf3+ 50.Kc4 Kc6
51.Bd8 Nd2+ 52.Kd3 Nxb3 53.Bxf6 Nac5+ 54.Ke3 Na5 55.Bxg5 b3 56.e5 Kd5 57.e6 Nc4+
58.Ke2 Nxe6 59.Bxe6+ Kxe6 60.Bc1  1/2-1/2

[Event "Open"]
[Site "Calcutta IND"]
[Date "2004.11.13"]
[Round "7"]
[White "Balasubramaniun,R"]
[Black "Barua,D"]
[Result "0-1"]
[WhiteElo "2353"]
[BlackElo "2525"]

1.Nf3 d5 2.g3 Nf6 3.Bg2 c6 4.c4 dxc4 5.O-O Be6 6.Na3 Bd5 7.Qc2 Be4 8.Qxc4 Nbd7
9.d3 Bxf3 10.Bxf3 Ne5 11.Qf4 Nxf3+ 12.Qxf3 g6 13.Bd2 Bg7 14.Bc3 h5 15.h4 Qd7
16.Nc4 O-O 17.Rac1 Rfe8 18.Rfd1 Bf8 19.e4 Qe6 20.b3 Red8 21.Ne5 Bh6 22.Rc2 c5
23.Qe2 b6 24.f4 Ng4 25.Nxg4 Qxg4 26.Qxg4 hxg4 27.Rcd2 Rac8 28.Kf2 Rd7 29.d4 c4
30.bxc4 Rxc4 31.Ba1 Bf8 32.h5 gxh5 33.Rh1 Bg7 34.e5 f5 35.Rxh5 e6 36.Ke3 Rc1
37.Bb2 Rf1 38.Ke2 Rf3 39.Rd3 Rxd3 40.Kxd3 Bf8 41.Rh1 Rd5 42.Bc3 Kf7 43.Rh7+ Bg7
44.Bb4 a5 45.Be7 Kxe7 46.Rxg7+ Kf8 47.Rc7 Rb5 48.Rc6 Ke7 49.Kd2 Kd7 50.Rd6+ Ke7
51.Rc6 Rb4 52.Rd6 Rc4 53.Kd3 Rb4 54.Kc2 a4 55.d5 exd5 56.Rxd5 Re4 57.a3 b5
58.Rd1 Re3 59.Rd3 Rf3 60.Rc3 Ke6 61.Rd3 Kf7 62.Rc3 Ke7 63.Rd3 b4 64.axb4 a3
65.Rd6 Rxg3 66.Ra6 Rf3 67.Ra7+ Ke6 68.Ra6+ Kd5 69.e6 Re3 70.e7 Rxe7 71.Rxa3 Ke4
72.b5 Kxf4 73.Kd2 g3 74.b6 g2 75.Ra1 Kf3  0-1

[Event "Bundesliga 2004-5"]
[Site "Koelln GER"]
[Date "2004.11.13"]
[Round "1"]
[White "Hickl,J"]
[Black "Sokolov,And1"]
[Result "1/2-1/2"]
[WhiteElo "2530"]
[BlackElo "2591"]

1.g3 d5 2.Nf3 Nf6 3.Bg2 e6 4.c4 Be7 5.O-O O-O 6.b3 c5 7.Bb2 Nc6 8.cxd5 Nxd5
9.Nc3 Nxc3 10.Bxc3 Bd7 11.Qc2 Rc8 12.Qb2 f6 13.d4 Qb6 14.Rad1 cxd4 15.Nxd4 Rfd8
16.Nc2 Be8 17.Bh3 Bf7 18.Rxd8+ Rxd8 19.Ne3  1/2-1/2

[Event "Bundesliga 2004-5"]
[Site "Preetzer GER"]
[Date "2004.11.13"]
[Round "1"]
[White "Junge,Ka"]
[Black "Senff,M"]
[Result "0-1"]
[WhiteElo "2259"]
[BlackElo "2430"]

1.Nf3 d5 2.g3 Bg4 3.Bg2 Nd7 4.O-O e6 5.d3 Bd6 6.Nbd2 c6 7.Qe1 Ne7 8.e4 O-O
9.h3 Bh5 10.a4 Qc7 11.Nb3 Rae8 12.a5 Bxf3 13.Bxf3 f5 14.exd5 exd5 15.Qd1 Ng6
16.d4 Nf6 17.Bg2 f4 18.g4 f3 19.Bxf3 Nh4 20.Bg2 Ne4 21.Be3 Bh2+ 22.Kh1 Bf4
23.Bxe4 dxe4 24.Nd2 Bxe3 25.fxe3 Qg3 26.Qe2 Qxh3+ 27.Qh2 Rxf1+ 28.Rxf1 Qxe3
29.Nc4 Qxd4 30.Nd6 Nf3 31.Rxf3 Qd1+  0-1

[Event "Bundesliga 2004-5"]
[Site "Preetzer GER"]
[Date "2004.11.14"]
[Round "2"]
[White "Kern,G"]
[Black "Marxen,P"]
[Result "1-0"]
[WhiteElo "2355"]
[BlackElo "2212"]

1.Nf3 d5 2.g3 Nf6 3.Bg2 e6 4.O-O Be7 5.c4 O-O 6.d4 dxc4 7.Qc2 a6 8.Qxc4 b5
9.Qc2 Bb7 10.Bg5 Nbd7 11.Bxf6 Nxf6 12.Nbd2 Rc8 13.Nb3 c5 14.dxc5 Bd5 15.Ne1 Bxg2
16.Nxg2 Qc7 17.Rfd1 Nd7 18.c6 Nb8 19.Nf4 Qxc6 20.Qxc6 Nxc6 21.Nd3 Nb4 22.Nbc5 Nxd3
23.Nxd3 Bf6 24.Rab1 g6 25.b4 Rfd8 26.Kf1 h5 27.Nc5 Ra8 28.Ke1 Be7 29.Nb7 Rdc8
30.a3 Rab8 31.Na5 Kf8 32.e4 Ke8 33.Ke2 Bf6 34.f4 Bd8 35.Nc6 Ra8 36.Ne5 Bb6
37.h3 Ke7 38.g4 hxg4 39.hxg4 Ke8 40.Rh1 Bd4 41.Nf3 Bb6 42.Rbc1 Ke7 43.Ne5 Bc7
44.Nc6+ Kd7 45.Rhd1+ Ke8 46.Kf3 Bb6 47.Rh1 Kd7 48.Rh7 Rf8 49.Ne5+ Ke8 50.Rc6 Bd4
51.Nxg6 fxg6 52.Rxe6+ Kd8 53.Rd6+ Kc8 54.Rxd4 a5 55.e5 axb4 56.axb4  1-0

[Event "Acropolis IM Open"]
[Site "Athens GRE"]
[Date "2004.11.17"]
[Round "2"]
[White "Karayannis,A"]
[Black "Svetushkin,D"]
[Result "0-1"]
[WhiteElo "2364"]
[BlackElo "2568"]

1.Nf3 d5 2.g3 Nf6 3.Bg2 c6 4.O-O Bg4 5.c4 e6 6.b3 Nbd7 7.Bb2 Bd6 8.d3 O-O
9.Nbd2 a5 10.Qc2 Qe7 11.e4 dxe4 12.Nxe4 Nxe4 13.dxe4 Bxf3 14.Bxf3 Be5 15.Rad1 Bxb2
16.Qxb2 Rfd8 17.e5 Qc5 18.Rfe1 Nf8 19.Be4 Qb6 20.Qc3 Qb4 21.Qxb4 axb4 22.Bb1 g5
23.Kg2 Kg7 24.Kf3 Ng6 25.Bxg6 Kxg6 26.Rxd8 Rxd8 27.g4 c5 28.Ke3 f5 29.f3 Kf7
30.h3 Ke7 31.Ke2 Ra8 32.Ra1 h5 33.gxh5 Rh8 34.a3 bxa3 35.Rxa3 Kd7 36.Ra1 Rxh5
37.Rd1+ Ke7 38.Rd6 g4 39.hxg4 fxg4 40.f4 Rh2+ 41.Kf1 Rb2 42.Rb6 Kf7 43.Rxb7+ Kg6
44.Rb8 g3 45.Rf8 Kh5 46.Rg8 Kh4 47.Ke1 g2 48.f5 exf5 49.e6 f4 50.e7 f3 51.Kd1 f2
52.Rh8+ Kg3 53.Rg8+ Kh2 54.Rh8+ Kg1  0-1

[Event "Open"]
[Site "Calcutta IND"]
[Date "2004.11.17"]
[Round "11"]
[White "Balasubramaniun,R"]
[Black "Mohota,N"]
[Result "1-0"]
[WhiteElo "2353"]
[BlackElo "2286"]

1.Nf3 d5 2.g3 Nf6 3.Bg2 Bf5 4.d3 e6 5.O-O h6 6.Nbd2 Be7 7.Ne5 Bh7 8.e4 Qd6
9.f4 Nbd7 10.Nxd7 Nxd7 11.Kh1 c6 12.Qe2 O-O-O 13.Nb3 Nc5 14.Be3 Nxb3 15.axb3 d4
16.Bg1 a6 17.Ra4 c5 18.e5 Qc7 19.Qf3 h5 20.Rfa1 Qb6 21.Rc4 Bf5 22.b4 Bg4
23.bxc5 Qb5 24.Qe4 Bf5 25.Qe1 Rd5 26.Ra5 Qd7 27.c6 bxc6 28.Rxa6 Qb7 29.Raxc6+ Kd7
30.Rc7+ Qxc7 31.Rxc7+ Kxc7 32.Bxd5 exd5 33.Qa5+ Kc6 34.Qa4+ Kb7 35.Bxd4 Ra8
36.Qb5+ Kc7 37.Bb6+  1-0

[Event "Acropolis WGM Open"]
[Site "Athens GRE"]
[Date "2004.11.18"]
[Round "3"]
[White "Foisor,C"]
[Black "Makka,E"]
[Result "1-0"]
[WhiteElo "2436"]
[BlackElo "2087"]

1.Nf3 d5 2.g3 Nf6 3.Bg2 e6 4.O-O Be7 5.d4 O-O 6.c4 dxc4 7.Qc2 c5 8.dxc5 Bxc5
9.Qxc4 Nbd7 10.Nbd2 Qe7 11.Nb3 Bd6 12.Qc2 e5 13.Nh4 g6 14.Bg5 Qe6 15.Rfd1 Re8
16.e4 Bf8 17.Bf1 h6 18.Be3 Ng4 19.Ng2 Nxe3 20.Nxe3 Nf6 21.Bb5 Bd7 22.Bxd7 Nxd7
23.Nd5 Rac8 24.Qe2 Nf6 25.Nxf6+ Qxf6 26.Rd7 Qc6 27.Rad1 Qb6 28.R1d5 Rc7 29.Rxc7 Qxc7
30.Qd3 Qc6 31.Kg2 b6 32.a3 Bg7 33.Nd2 f5 34.Rd6 Qb7 35.Rxg6 fxe4 36.Qxe4 Qd7
37.Nf3 Qf7 38.h4 Kh8 39.h5 Rf8 40.Qe3 Qf5 41.g4 Qf4 42.Nh4 e4 43.Nf5 Rxf5
44.gxf5 Qxf5 45.Rxh6+ Kg8 46.Rg6 Kh7 47.b4 Qxh5 48.Rg3 Qf5 49.Rg5 Qe6 50.Qh3+ Qxh3+
51.Kxh3 Bd4 52.Kg2 Bb2 53.a4 a6 54.Rg4 a5 55.bxa5 bxa5 56.Rxe4 Bc3 57.Rg4 Kh6
58.f4 Kh5 59.Kf3 Bb4 60.Rg2  1-0

[Event "Acropolis WGM Open"]
[Site "Athens GRE"]
[Date "2004.11.20"]
[Round "5"]
[White "Foisor,C"]
[Black "Krivec,J"]
[Result "0-1"]
[WhiteElo "2436"]
[BlackElo "2214"]

1.Nf3 d5 2.g3 g6 3.c4 d4 4.b4 Bg7 5.Bb2 e5 6.d3 b6 7.Bg2 Bb7 8.O-O Nc6 9.e3 Nge7
10.b5 Na5 11.exd4 exd4 12.Nbd2 O-O 13.Nb3 Nxb3 14.axb3 c5 15.Nh4 Bxg2 16.Nxg2 Qc7
17.Qf3 a5 18.Bc1 h6 19.Bf4 Qd7 20.h4 f6 21.Bd2 g5 22.h5 Rae8 23.Rae1 Nc8
24.Rxe8 Rxe8 25.Re1 Rxe1+ 26.Nxe1 Qe6 27.Qe4 Qxe4 28.dxe4 Nd6 29.f3 a4 30.bxa4 Nxc4
31.Bc1 Na5 32.Kf2 c4 33.Ba3 Bf8 34.Bxf8 Kxf8 35.f4 Nb3 36.e5 gxf4 37.gxf4 fxe5
38.fxe5 d3 39.Ng2 c3 40.Nf4 d2  0-1

[Event "TCh-AUT"]
[Site "Graz AUT"]
[Date "2004.11.20"]
[Round "2"]
[White "Brestian,E"]
[Black "Weinzettl,E"]
[Result "1/2-1/2"]
[WhiteElo "2415"]
[BlackElo "2360"]

1.Nf3 d5 2.g3 c5 3.Bg2 Nc6 4.d3 Nf6 5.O-O e6 6.c3 Be7 7.Nbd2 b6 8.a3 a5 9.b3 O-O
10.Bb2 Ba6 11.Qc2 Rc8 12.Rfe1 Qd7 13.Rad1 d4 14.c4 Ng4 15.h3 Nh6 16.e4 dxe3
17.fxe3 Qc7 18.Nf1 Bd6 19.g4  1/2-1/2

[Event "XLIII WJun"]
[Site "Kochin IND"]
[Date "2004.11.20"]
[Round "1"]
[White "Johannes,M"]
[Black "Navin,K"]
[Result "1-0"]
[WhiteElo "2316"]
[BlackElo "2058"]

1.Nf3 d5 2.g3 Nc6 3.d4 Bf5 4.Bg2 Qd7 5.O-O O-O-O 6.c4 e6 7.Nc3 f6 8.Be3 g5
9.Rc1 Nge7 10.Qa4 Kb8 11.b4 Nc8 12.c5 N6e7 13.Qxd7 Rxd7 14.Rfd1 h5 15.h4 g4
16.Ne1 Bh7 17.Nd3 Nf5 18.Nf4 Nxe3 19.fxe3 Bh6 20.Kf2 e5 21.Nfxd5 Rf8 22.b5 Rdd8
23.c6 b6 24.a4 Nd6 25.a5 bxa5 26.b6 axb6 27.Nxc7 Rc8 28.N7b5 Nxb5 29.Nd5 exd4
30.c7+ Kb7  1-0

[Event "Petrosian Mem Open"]
[Site "Yerevan ARM"]
[Date "2004.11.20"]
[Round "2"]
[White "Danielian,E"]
[Black "Galojan,L"]
[Result "1/2-1/2"]
[WhiteElo "2437"]
[BlackElo "2239"]

1.Nf3 d5 2.g3 Nf6 3.Bg2 c5 4.O-O Nc6 5.d4 e6 6.c4 cxd4 7.Nxd4 Be7 8.Nc3 O-O
9.cxd5 exd5 10.Nxc6 bxc6 11.Qc2 Be6 12.Rd1 Qc8 13.Bg5 Bg4 14.Rac1 Qe6 15.Rd2 Bf5
16.Qd1 Rac8 17.Qa4 Rfd8 18.e3 Bc5 19.Ne2 Bb6 20.Nd4 Bxd4 21.Qxd4 h6 22.Bxf6 Qxf6
23.Qxf6 gxf6 24.Rd4 Be6 25.Rc5 Kf8 26.Rh4 Kg7 27.Bf1 d4 28.Rxd4 Rxd4 29.exd4 Bxa2
30.Bc4 Bxc4 31.Rxc4 Rb8 32.b4 Rb6 33.Kf1 Kf8 34.Ke2 Ke7 35.Kd3 Kd6 36.Ke4 Rb5
37.g4 a5 38.bxa5 Rxa5 39.h4 f5+ 40.gxf5 Ra2 41.f4 Rh2 42.Ra4 Rxh4 43.Ra7 Rh1
44.Rxf7 Re1+ 45.Kf3 h5 46.Rh7 Rf1+ 47.Kg3 Rg1+ 48.Kf2 Rd1 49.Rh6+ Kd7 50.Rxh5 Rxd4
51.Ke3 Ra4 52.Rh7+ Kd6 53.f6 Ke6 54.Rc7 Kxf6 55.Rxc6+ Kf5 56.Rc5+ Kf6 57.Kf3 Ra1  1/2-1/2

[Event "Acropolis GM"]
[Site "Athens GRE"]
[Date "2004.11.21"]
[Round "6"]
[White "Managadze,N"]
[Black "Kapnisis,S"]
[Result "0-1"]
[WhiteElo "2440"]
[BlackElo "2435"]

1.Nf3 d5 2.g3 Nc6 3.d4 Bf5 4.Bg2 Nb4 5.Na3 e6 6.O-O Be7 7.c3 Nc6 8.Nc2 h6
9.Ne5 Nxe5 10.dxe5 c6 11.Nd4 Bg6 12.b4 a5 13.Bd2 h5 14.bxa5 Nh6 15.Qb3 Qb8
16.c4 O-O 17.cxd5 cxd5 18.Rfd1 Ng4 19.f4 Bc5 20.e3 Qa7 21.Qb2 f6 22.exf6 Rxf6
23.h3 Nh6 24.Kh2 Nf5 25.Nxf5 Bxf5 26.Re1 Bd3 27.a4 Raf8 28.Rac1 h4 29.gxh4 Bd6
30.Bb4 Bxb4 31.Qxb4 Qb8 32.Qd4 Bc4 33.Rg1 Kh8 34.Kh1 Qd8 35.Qe5 Rf5 36.Qxe6 R8f6
37.Qxf5 Rxf5 38.Rgd1 Qxh4 39.e4 Rxf4 40.exd5 Rf2 41.Rc3 Qg5  0-1

[Event "Acropolis WGM Open"]
[Site "Athens GRE"]
[Date "2004.11.21"]
[Round "6"]
[White "Foisor,S"]
[Black "Foisor,C"]
[Result "1/2-1/2"]
[WhiteElo "2228"]
[BlackElo "2436"]

1.g3 d5 2.Nf3 Bg4 3.Bg2 Nf6 4.O-O e6 5.d3 Be7 6.Nbd2 O-O 7.Qe1 c5 8.h3 Bxf3
9.exf3 Nc6 10.f4 Rc8 11.b3 Nd7 12.c3 Bf6 13.Bb2 b5 14.Rb1 b4 15.c4 Nb6 16.Nf3 a5
17.Qe3 Bxb2 18.Rxb2 Qf6 19.Rbb1 Nd4 20.Rbc1 Rfd8 21.Ne5 a4 22.Ng4 Qf5 23.cxd5 exd5
24.Rxc5 Rxc5 25.Qxd4 Rc6 26.Qxb4 axb3 27.axb3 Re6 28.d4 h5 29.Ne3 Qf6 30.h4 g6
31.Ra1 Qe7 32.Qb5 Red6 33.Ra6 Qc7 34.Qa5 R8d7 35.f5 Kg7 36.Qc5 Rf6 37.b4 Qd8
38.Bh3 Rc7 39.Qb5 Rc1+ 40.Kh2 Rb1 41.Bg2 Rb2 42.Kg1 Rd2 43.Ra7 gxf5 44.Bxd5 Nxd5
45.Nxd5 Rg6 46.Ne3 f4 47.Qe5+ Qf6 48.Nf5+ Kh7 49.Qxf4 Rd1+ 50.Kh2  1/2-1/2

[Event "TCh-BEL 2004-5"]
[Site "Belgium BEL"]
[Date "2004.11.21"]
[Round "4"]
[White "Hausrath,D"]
[Black "Saltaev,M"]
[Result "1/2-1/2"]
[WhiteElo "2478"]
[BlackElo "2485"]

1.Nf3 d5 2.g3 Nd7 3.d4 Ngf6 4.Bg2 Nb6 5.O-O Bf5 6.Nbd2 e6 7.c4 dxc4 8.Nxc4 Nxc4
9.Qa4+ c6 10.Qxc4 Be4 11.Bg5 Qd5 12.Qc1 Be7 13.Rd1 h6 14.Bxf6 Bxf6 15.Ne1 Bxg2
16.Nxg2 Qe4 17.e3 O-O 18.Qb1 Qg4 19.Rd2 Rac8 20.Qd1 Qxd1+ 21.Raxd1 c5 22.dxc5 Rxc5
23.Nf4 Rfc8 24.Kf1 Kf8 25.Ke2 Ke8 26.g4 Rc2 27.Nd3 g6 28.Rxc2 Rxc2+ 29.Rd2 Rc4
30.h3 b5 31.f3 a5 32.Kd1 a4 33.Rc2 Rxc2 34.Kxc2 Kd7 35.b3 Kc6 36.Nb4+ Kd6
37.Kd3 Kc5 38.Na6+ Kb6 39.Nb4 axb3 40.axb3 Kc5 41.Na6+ Kb6 42.Nb4 Kc5  1/2-1/2

[Event "TCh-BEL 2004-5"]
[Site "Belgium BEL"]
[Date "2004.11.21"]
[Round "4"]
[White "Schebler,G"]
[Black "Bergez,L"]
[Result "0-1"]
[WhiteElo "2496"]
[BlackElo "2395"]

1.Nf3 d5 2.g3 Bg4 3.Bg2 c6 4.c4 e6 5.cxd5 exd5 6.O-O Bd6 7.d3 Ne7 8.Nc3 O-O
9.e4 dxe4 10.dxe4 Na6 11.h3 Be6 12.Qe2 f6 13.Rd1 Qb8 14.Nd4 Bf7 15.Be3 Nc5
16.Rac1 Rd8 17.f4 Ne6 18.Nb3 a5 19.Qf2 Bh5 20.Rd2 Bc7 21.Na4 Rxd2 22.Qxd2 Qd8
23.Qf2 Bf7 24.Nbc5 Nxc5 25.Nxc5 b6 26.Na4 Bxa2 27.Nxb6 Rb8 28.Na4 Rb4 29.Nc5 Bb6
30.Bf3 f5 31.Rd1 Qe8 32.Nd3 Bxe3 33.Qxe3 Rb8 34.Re1 Qd8 35.Nc5 Rxb2 36.Rd1 Rb1
37.Rxb1 Bxb1 38.Qb3+ Kh8 39.Ne6 Qg8 40.Qxb1 Qxe6 41.Qb8+ Qg8 42.Qa7 fxe4
43.Bxe4 Qd8 44.Qc5 h6 45.Kf2 Qd2+ 46.Kf3 Qd1+ 47.Kf2 Qd2+ 48.Kf3 Qb4 49.Qh5 Qc3+
50.Kg4 Qe3 51.Qe8+ Ng8 52.Kf5 Qxg3 53.Bxc6 Qxh3+ 54.Ke4 Qc3 55.Kd5 Qb4 56.Bd7 Qe7  0-1

[Event "1st Master Rapid Open"]
[Site "Benidorm ESP"]
[Date "2004.11.21"]
[Round "5"]
[White "Vidarte Morales,A"]
[Black "Barria,D"]
[Result "1/2-1/2"]
[WhiteElo "2375"]
[BlackElo "2347"]

1.Nf3 d5 2.g3 c6 3.Bg2 Bg4 4.O-O Nd7 5.d3 e5 6.Qe1 Ngf6 7.Nfd2 a5 8.a4 Bb4
9.Nc3 O-O 10.e4 Re8 11.Nd1 Nc5 12.f3 Bh5 13.Nf2 dxe4 14.dxe4 Ne6 15.c3 Bf8
16.Nc4 Nd7 17.Qe2 Qc7 18.Be3 f6 19.Rfd1 Ndc5 20.h4 Bf7 21.Bf1 Red8 22.Rxd8 Rxd8
23.b4 axb4 24.cxb4 Nb3 25.Bb6 Qc8 26.Bxd8 Nxa1 27.Bb6 Nb3 28.Qb2 Nbd4 29.Kg2 h5
30.Ne3 Qd7 31.Bc4 g6 32.b5 Kg7 33.bxc6 Qxc6 34.a5 Nc5 35.Bxf7 Kxf7 36.Qa2+ Qe6
37.Nd5 Kg7 38.Qc4 Qc6 39.Nb4 Qe6 40.Nd5 Qc6 41.Nb4 Qe6 42.Nd5 Qc6 43.Nb4  1/2-1/2

[Event "XLIII WJun"]
[Site "Kochin IND"]
[Date "2004.11.21"]
[Round "4"]
[White "Jaiswal,P"]
[Black "Grigorov,G"]
[Result "1/2-1/2"]
[WhiteElo "2212"]
[BlackElo "2321"]

1.Nf3 d5 2.g3 e6 3.Bg2 Nf6 4.O-O Nbd7 5.d3 Bd6 6.Nbd2 O-O 7.e4 dxe4 8.Nxe4 Nxe4
9.dxe4 e5 10.Bg5 Be7 11.Bxe7 Qxe7 12.c3 Re8 13.Qc2 b6 14.Rfe1 Bb7 15.Nd2 Rad8
16.Nf1 Nf6 17.Ne3 a5 18.Rad1 Rxd1 19.Rxd1 Rd8 20.Nf5 Rxd1+ 21.Qxd1 Qd7 22.Qxd7 Nxd7
23.f3 Nc5 24.Ne3 Nd3 25.Nd1 Kf8  1/2-1/2

[Event "Acropolis WGM Open"]
[Site "Athens GRE"]
[Date "2004.11.22"]
[Round "7"]
[White "Foisor,C"]
[Black "Mietzner,T"]
[Result "1-0"]
[WhiteElo "2436"]
[BlackElo "2235"]

1.Nf3 d5 2.g3 Nf6 3.Bg2 Bg4 4.b3 e6 5.Bb2 Bd6 6.c4 c6 7.O-O Nbd7 8.d3 O-O
9.Na3 a5 10.cxd5 exd5 11.Nc2 Re8 12.Rb1 Ne5 13.Nxe5 Bxe5 14.Ne3 Bd7 15.Qd2 Ng4
16.Nd1 Qe7 17.h3 Nh6 18.e4 Qb4 19.Qc2 Bxb2 20.Rxb2 d4 21.f4 f5 22.Nf2 Nf7
23.Rbb1 Nd6 24.Kh2 Nb5 25.Rbe1 Na3 26.Qc1 a4 27.bxa4 Qxa4 28.exf5 Bxf5 29.Qc5 Be6
30.f5 Bxa2 31.f6 Rxe1 32.Rxe1 gxf6 33.Ng4 Qb5 34.Qe7 Qxd3 35.Nh6+ Kh8 36.Qxf6+  1-0

[Event "XXI WJun Women"]
[Site "Kochin IND"]
[Date "2004.11.22"]
[Round "5"]
[White "Karavade,E"]
[Black "Van Weersel,A"]
[Result "1-0"]
[WhiteElo "2307"]
[BlackElo "2184"]

1.Nf3 d5 2.g3 c6 3.Bg2 Bg4 4.c4 e6 5.O-O Nd7 6.cxd5 exd5 7.d3 Ngf6 8.h3 Bh5
9.Qc2 Be7 10.Nc3 O-O 11.e4 Bxf3 12.Bxf3 Ne5 13.Be2 d4 14.Nd1 c5 15.f4 Nc6
16.Bf3 Rc8 17.a3 b5 18.e5 Nd7 19.Bg4 Rc7 20.e6 f5 21.Bxf5 Rxf5 22.exd7 Qxd7
23.Nf2 Qe6 24.b3 Na5 25.Rb1 c4 26.bxc4 bxc4 27.dxc4 Rxc4 28.Qe2 Bc5 29.Nd3 Bb6
30.Bd2 Nb7 31.Bb4 h6 32.g4 Rf6 33.Rb2 Rc8 34.Qf3  1-0